00567nam a2200217Ia 4500003000900000005001700009008004100026040003100067040001300098041000800111100002100119100000900140245007600149250000900225260002800234260000900262300001100271300001000282490000600292520005100298IT-RoPAU20220918175815.0120407s9999 xx 000 0 und d aIT-RoPAUc20130204112754.0 cIT-RoPAU aita aFrancesco Chiesa ccan. aFiat pax! Enciclica Summi Puntificatus - Pio XII. Schiarimenti e testo. aAlba aPia Società San Paolo c1939 a266 p. c18 cm v1 aIndice Prefazione Introduzione Errori Rimedi